Yuyu Hakusho Trivia Quiz Stats

 Plays Quiz not verified by Sporcle

Challenge
Share
Tweet
Embed
Score 0/20 Timer 10:00
0 Plays Today
Question Answer % Correct
Is Botan's natural hair color blue?Yes
91.7%
What color are Hiei's two eyes?Red
83.3%
Which character was falsely mistaken as a female character in the Philippines version of the show?Kurama
82.6%
What is the name of Yusuke's Spirit Beast?Puu
75.8%
What is Kuwabara's first name?Kazuma
75.8%
Who turns green in his 'full demon form?'Hiei
72.7%
Whose wish was it to never be bothered again by the Dark Tournament Committee?Genkai
72%
What is on Koenma's forehead?JR
68.9%
How many episodes of YYH is there?112
60.6%
Which character was falsely mistaken as a male character in the Philippines version?Genkai
59.1%
Question Answer % Correct
Which Saint Beast did Kurama fight?Genbu
54.5%
Who turned out to be the narrator?George
53%
Name a Dark Tournament AnnouncerKoto
52.3%
Which of the three kings is actually female?Mukuro
50.8%
Who is attracted to Sensui?Itsuki
46.2%
Who killed Byakko?Seiryu
46.2%
Who is Yusuke's mother?Atsuko
37.1%
Kurama has a school mate who starts out as an enemy in season 3 then later helps out. Who is he?Kaito
37.1%
What is Kuwabara called in the Poltergeist Report movie?Kuwahara
25.8%
When Yusuke transformed into a demon, what did it look like he had been playing with?electric socket
20.5%

You're not logged in!

Compare scores with friends on all Sporcle quizzes.
Join for Free
OR
Log In

You Might Also Like...

Show Comments

Extras

Created Feb 13, 2014ReportNominate
Tags:yuyuhakusho

Top Quizzes Today


Score Distribution

Your Account Isn't Verified!

In order to create a playlist on Sporcle, you need to verify the email address you used during registration. Go to your Sporcle Settings to finish the process.

Report this User

Report this user for behavior that violates our Community Guidelines.

Details: